México : realidad política de sus partidos, una investigación psicosocial acerca de los partidos políticos mexicanos / director Antonio Delhumeau Arrecilles

保存先:
書誌詳細
その他の著者: I. Delhumeau Arrecilles, Antonio, dir. (autor) (autor)
フォーマット: 図書
主題:
タグ: タグ追加
タグなし, このレコードへの初めてのタグを付けませんか!

MARC

LEADER 00000nam^a2200000^u^4500
001 000545750
005 20250521000000.0
008 060220s1000^^^^^^^^^^^^r^^^^^000^0^spa^d
009 20260310131356.194
035 |a FMI 000015199 
037 |a Acervo Xavier Clavigero 
096 |a 8.9/68/D 
245 0 0 |a México : realidad política de sus partidos, una investigación psicosocial acerca de los partidos políticos mexicanos / director Antonio Delhumeau Arrecilles 
264 |a México : IMEP, 1970 
300 |a 318 p. 
336 |a texto  |b txt  |2 rdacontenido 
337 |a sin mediación  |b n  |2 rdamedio 
338 |a volumen  |b nc  |2 rdasoporte 
649 |a XX 
650 |a PARTIDOS POLITICOS -- MEXICO 2. CIENCIAS JURIDICAS 
650 |a MEXICO -- POLITICA Y GOBIERNO 
700 |a I. Delhumeau Arrecilles, Antonio, dir.  |e (autor) 
910 |a Fondo Francisco Migoya Covarrubias S.J. 
920 |a Impresos - Libros 
930 |a Fondos Especiales 
905 |a 134 
901 |a SBC23245  |b IT2  |c ESP  |u 20250521 
902 |a https://opac.biblio.iteso.mx/vufind/Record/000545750